[Event "Voronezh op-A 23rd"]
[Site "Voronezh"]
[Date "2019.06.18"]
[Round "6"]
[White "Vasilyev, Alexey"]
[Black "Rakshitta, Ravi"]
[Result "1-0"]
[WhiteElo "1972"]
[BlackElo "2111"]
[PlyCount "93"]
[EventDate "2019.06.12"]
[EventType "swiss"]
[EventRounds "9"]
[EventCountry "RUS"]
[SourceTitle "EXT 2020"]
[Source "ChessBase"]
[SourceDate "2019.10.17"]
[SourceVersion "1"]
[SourceVersionDate "2019.10.17"]
[SourceQuality "1"]

1. e4 e5 2. Nf3 Nc6 3. Bb5 f5 4. d3 fxe4 5. dxe4 Nf6 6. 0-0 Bc5 7. Qd3 d6 8. Qc4 Qe7 9. Nc3 a6 10. Bxc6+ bxc6 11. Be3 Nd7 12. Bxc5 Nxc5 13. b4 Be6 14. Nd5 cxd5 15. exd5 Bd7 16. bxc5 Bb5 17. Qg4 Bxf1 18. Rxf1 0-0 19. Ng5 Qf6 20. Ne6 Rf7 21. cxd6 cxd6 22. Qc4 a5 23. f3 Qe7 24. h4 Qa7+ 25. Kh2 Qa6 26. Qxa6 Rxa6 27. Rb1 Ra8 28. a4 g6 29. Kg3 Rd7 30. Kg4 Kf7 31. Kg5 Rc8 32. g4 Rg8 33. Kh6 Rc8 34. Kg5 Ra7 35. h5 gxh5 36. gxh5 h6+ 37. Kf5 Ke7 38. Rg1 Rca8 39. Rg6 Kd7 40. Rxh6 Re8 41. Rh7+ Re7 42. Rxe7+ Kxe7 43. Kg6 Rb7 44. h6 Rb1 45. h7 Rh1 46. Ng7 Rg1+ 47. Kh6 1-0

[Event "Voronezh op-A 23rd"]
[Site "Voronezh"]
[Date "2019.06.15"]
[Round "4"]
[White "Gasparian, Haik"]
[Black "Vasilyev, Alexey"]
[Result "1/2-1/2"]
[WhiteElo "2073"]
[BlackElo "1972"]
[PlyCount "82"]
[EventDate "2019.06.12"]
[EventType "swiss"]
[EventRounds "9"]
[EventCountry "RUS"]
[SourceTitle "EXT 2020"]
[Source "ChessBase"]
[SourceDate "2019.10.17"]
[SourceVersion "1"]
[SourceVersionDate "2019.10.17"]
[SourceQuality "1"]

1. Nf3 Nf6 2. g3 b6 3. Bg2 Bb7 4. 0-0 e6 5. c4 Be7 6. Nc3 0-0 7. d4 Ne4 8. Qc2 Nxc3 9. Qxc3 d6 10. Rd1 Nd7 11. b4 c5 12. Bb2 cxb4 13. Qxb4 d5 14. Qb3 dxc4 15. Qxc4 Nf6 16. Rac1 Bd5 17. Qa6 b5 18. a4 Bb3 19. Ne5 Bxd1 20. Rxd1 Nd5 21. axb5 Qb6 22. Nc6 Rfe8 23. e4 Nc7 24. Qxb6 axb6 25. d5 exd5 26. exd5 Bd6 27. Bd4 Nxb5 28. Bxb6 Nc3 29. Rf1 Ra2 30. Be3 Rb2 31. Nd4 Bc5 32. Bf3 Bxd4 33. Bxd4 Ne2+ 34. Bxe2 Rbxe2 35. Be3 Rd8 36. Rd1 Ra2 37. Kg2 Ra5 38. d6 Ra6 39. Bc5 Rc6 40. Bb4 f6 41. h4 Rb6 1/2-1/2

[Event "Chigorin Memorial 25th"]
[Site "St Petersburg"]
[Date "2017.10.21"]
[Round "1"]
[White "Vasilyev, Vasily"]
[Black "Vasilyev, Alexey"]
[Result "1-0"]
[WhiteElo "2291"]
[BlackElo "1794"]
[PlyCount "107"]
[EventDate "2017.10.21"]
[EventType "swiss"]
[EventRounds "9"]
[EventCountry "RUS"]
[SourceTitle "CBM 181 Extra"]
[Source "ChessBase"]
[SourceDate "2017.12.12"]
[SourceVersion "1"]
[SourceVersionDate "2017.12.12"]
[SourceQuality "1"]

1. d4 Nf6 2. Nf3 e6 3. c4 Bb4+ 4. Bd2 c5 5. g3 0-0 6. Bg2 Bxd2+ 7. Qxd2 cxd4 8. Nxd4 Nc6 9. Nc3 d5 10. cxd5 exd5 11. 0-0 Qb6 12. Nxc6 bxc6 13. Rac1 Qb4 14. Rfd1 Ba6 15. e3 Rfc8 16. Ne4 Qxd2 17. Nxf6+ gxf6 18. Rxd2 Bb7 19. Rc5 a5 20. Rd4 a4 21. Bh3 Rd8 22. Bf5 Ra6 23. Rg4+ Kf8 24. Bxh7 Ke7 25. Rb4 Rd7 26. Bd3 Ra8 27. Rc3 a3 28. Rxa3 Rxa3 29. bxa3 c5 30. Rb6 c4 31. Bf5 Rc7 32. h4 Bc8 33. Bc2 Rd7 34. h5 Rd8 35. h6 Rh8 36. Rb8 Kd6 37. Rb6+ Ke7 38. h7 Be6 39. f3 f5 40. g4 fxg4 41. fxg4 Bxg4 42. a4 Bd7 43. a5 Kf8 44. a6 Kg7 45. a7 c3 46. Kf2 d4 47. exd4 Be6 48. Rb8 Bd5 49. Ke3 f5 50. Bxf5 Bc6 51. Rxh8 Kxh8 52. Be4 Ba8 53. Bxa8 c2 54. Kd2 1-0

[Event "Chigorin Memorial 24th"]
[Site "St Petersburg"]
[Date "2016.10.18"]
[Round "4"]
[White "Vasilyev, Alexey"]
[Black "Tikholiz, Sergei"]
[Result "1-0"]
[WhiteElo "1899"]
[BlackElo "1522"]
[PlyCount "73"]
[EventDate "2016.10.15"]
[EventType "swiss"]
[EventRounds "9"]
[EventCountry "RUS"]
[SourceTitle "CBM 175 Extra"]
[Source "ChessBase"]
[SourceDate "2016.12.12"]
[SourceVersion "1"]
[SourceVersionDate "2016.12.12"]
[SourceQuality "1"]

1. e4 e5 2. Nf3 Nf6 3. Nxe5 Nxe4 4. Qe2 Qe7 5. d4 d6 6. Nf3 d5 7. Be3 Nc6 8. c3 Be6 9. Nbd2 Nxd2 10. Qxd2 Qd7 11. Bb5 Bd6 12. h4 0-0-0 13. a4 a6 14. Bxc6 Qxc6 15. b4 Qc4 16. Ne5 Bxe5 17. dxe5 Qe4 18. 0-0 Qxe5 19. b5 a5 20. b6 c6 21. Bf4 Qe4 22. Rfe1 Qc4 23. Qe3 Rd7 24. Qe5 Kd8 25. Qxg7 Re8 26. Qf6+ Kc8 27. Qe5 Kd8 28. Qb8+ Ke7 29. Bg5+ Kf8 30. Qe5 Kg8 31. Bh6 Qg4 32. Re3 f6 33. Qxf6 Rf7 34. Qe5 Rf5 35. Qd6 Qg6 36. Rg3 Qxg3 37. Qxg3+ 1-0

[Event "Moscow op-E"]
[Site "Moscow"]
[Date "2011.01.31"]
[Round "3.106"]
[White "Vasilyev, Alexey"]
[Black "Gordievsky, Dmitry"]
[Result "1-0"]
[WhiteElo "2040"]
[BlackElo "2298"]
[PlyCount "71"]
[EventDate "2011.01.29"]
[EventType "swiss"]
[EventRounds "9"]
[EventCountry "RUS"]
[SourceTitle "EXT 2022"]
[Source "ChessBase"]
[SourceDate "2021.10.06"]
[SourceVersion "1"]
[SourceVersionDate "2021.10.06"]
[SourceQuality "1"]

1. e4 c5 2. Nf3 d6 3. d4 cxd4 4. Nxd4 Nf6 5. Nc3 a6 6. f4 Nbd7 7. Nf3 Qc7 8. a4 g6 9. Bd3 Bg7 10. 0-0 0-0 11. Kh1 e6 12. Qe1 b6 13. Qh4 Bb7 14. f5 d5 15. fxe6 fxe6 16. Ng5 Rae8 17. Qh3 Qc6 18. Bd2 Ne5 19. Rxf6 Rxf6 20. Qxh7+ Kf8 21. Nxd5 exd5 22. Bb4+ Qc5 23. Bxc5+ bxc5 24. Qh3 Kg8 25. exd5 Nxd3 26. Qxd3 Rf5 27. Nf3 Bxd5 28. c3 Be4 29. Qd2 Kh7 30. Ng5+ Kg8 31. h4 Ref8 32. Kg1 Ba8 33. Re1 Rd5 34. Qe2 Re5 35. Qd2 Rd5 36. Qc2 1-0

[Event "Moscow op-E"]
[Site "Moscow"]
[Date "2011.01.29"]
[Round "1.39"]
[White "Vasilyev, Alexey"]
[Black "Bezgodov, Alexei"]
[Result "0-1"]
[WhiteElo "2040"]
[BlackElo "2494"]
[PlyCount "60"]
[EventDate "2011.01.29"]
[EventType "swiss"]
[EventRounds "9"]
[EventCountry "RUS"]
[SourceTitle "EXT 2022"]
[Source "ChessBase"]
[SourceDate "2021.10.06"]
[SourceVersion "1"]
[SourceVersionDate "2021.10.06"]
[SourceQuality "1"]

1. e4 e5 2. Nf3 Nc6 3. Bc4 Bc5 4. 0-0 d6 5. c3 Nf6 6. d3 h6 7. Bb3 Qe7 8. Bc2 g5 9. b4 Bb6 10. a4 a5 11. b5 Nb8 12. Be3 Be6 13. Nbd2 Nbd7 14. Bb3 Bxb3 15. Nxb3 Qe6 16. Nfd2 d5 17. Bxb6 cxb6 18. Re1 0-0 19. d4 dxe4 20. Nxe4 Nxe4 21. Rxe4 f5 22. Re1 e4 23. Nd2 Rac8 24. Rc1 Nf6 25. Qb3 Qxb3 26. Nxb3 Rc4 27. Nd2 Rxa4 28. f3 Ra2 29. Nc4 Nd5 30. Ne3 Nf4 0-1